000 00616nam a22002177a 4500
999 _c9077
_d9077
003 AR-CdUCM
008 190327b ||||| |||| 00| 0 spa d
040 _aMUNICIPALIDAD PROVINCIAL DEL CUSCO
_cBIBLIOTECA MUNICIPAL DEL CUSCO
082 _a869.56
_bG22
100 _aGambetta, Freddy
_925061
245 _aLibro de los dioses /
260 _aTacna :
_bUNTAC,
_c1982.
300 _a30 páginas ;
_c16 cm.
500 _aCon dedicatoria a Luis Nieto
505 _aContenido : Poesía
650 _aLiteratura
_9416
650 _aPoesía
_9444
650 _aTacna
_925062
942 _2ddc
_cLIBROS
945 _admma